000 00498nam a2200145Ia 4500
008 100204s9999 xx 000 0 und d
082 _b787
100 _aअष्टीकर मंदाकिनी
245 _aही आस मिलनाची
260 _b"सौ . रोहिणी रमेश संभूस , मुंबई"
_c1977
300 _a134
630 _aही आस मिलनाची
730 _aही आस मिलनाची
942 _cBOOK
999 _c445982
_d445979